00558nam a2200205 a 4500001001300000003000900013005001700022008004100039020001000080082001900090100002800109245003200137260004100169300000800210500003500218505003100253650001500284650002500299700002800324nice12345678IN_TiNIC20260116011647.0050524s1968 pata grp 000 0 urd  ac10000a891.4391bSHA9 aShafeeq, Lachhmi Narain aTazkira Chamanistan-E-Shora aPatnabAzeemush Shan Book Depoc1968 a96p aincludes index and biblioraphy2 a4 parts, bound in one vol. aPoets-Urdu aUrdu-Poets-biography1 aShafeeq, Lachhmi Narain